| 000 | 00486nam a2200157Ia 4500 | ||
|---|---|---|---|
| 001 | 22743 | ||
| 003 | GE_BSU | ||
| 008 | 181216s||||||||xx |||||||||||||| ||und|| | ||
| 040 | _cGE_BSU | ||
| 245 | _aВопросы Культурологии, №5. 2018 | ||
| 245 | _cГл. ред. Агошков Андрей Валерьевич | ||
| 653 | _aВопросы Культурологии. №5. 2018 | ||
| 653 | _aПериодика | ||
| 653 | _aპერიოდიკა | ||
| 942 | _cCR | ||
| 999 |
_c55648 _d55648 |
||